000 00606nam a2200241 i 4500
001 C2-0270108
003 PPAK
005 20180728000554.0
008 060809s2004 enk |||| ||||| | eng d
020 _a0751533882
040 _aPPAK
_beng
_cPPAK
_erda
082 0 4 _a823
_223
090 0 0 _a823
_bFAL
_dG
100 1 _aFalconer, Duncan,
_eauthor
245 1 4 _aThe hijack
264 1 _aLondon :
_bTime Warner ,
_c2004
300 _a470 pages ;
_c18 cm
336 _2rdacontent
_atext
337 _2rdamedia
_aunmediated
338 _2rdacarrier
_avolume
650 1 0 _aEnglish fiction
942 _ddc
_cB
999 _c78680
_d78680